000 00742 a2200205 4500
020 _a9781580536417
020 _a1580536417
040 _aDLC
_bDLC
082 0 0 _a621.382/16
100 1 _aJha, Uma Shanker.
245 1 0 _aOFDM towards fixed and mobile broadband wireless access
_cUma Shanker Jha, Ramjee Prasad
260 _aBoston :
_bArtech House,
_cc2007.
300 _axiii, 200 p. :
_bill. ;
_c24 cm.
440 4 _aThe Artech House universal personal communications series
650 0 _aOrthogonal frequency division multiplexing.
650 0 _aWireless communication systems.
700 1 _aPrasad, Ramjee.
856 4 1 _3Table of contents only
_uhttp://www.loc.gov/catdir/toc/fy0714/2007276220.html
942 _cBK
_k621.38216 JHA
_2ddc
999 _c8274
_d8274